Normal view
MARC view
- الحناوي، هناء عبدالحميد ؛ ترجمة اسامة الدسوقي ؛ مراجعة احمد عزيز كمال
Entry Personal Name
001 - CONTROL NUMBER
- control field: 49866
003 - CONTROL NUMBER IDENTIFIER
- control field: JO-AjAnu
005 - DATE AND TIME OF LATEST TRANSACTION
- control field: 20230606082220.0
008 - FIXED-LENGTH DATA ELEMENTS
- fixed length control field: 230606|| aca||aabn | a|a d
040 ## - CATALOGING SOURCE
- Original cataloging agency: JO-AjAnu
- Transcribing agency: JO-AjAnu
100 ## - HEADING--PERSONAL NAME
- Personal name: الحناوي، هناء عبدالحميد ؛ ترجمة اسامة الدسوقي ؛ مراجعة احمد عزيز كمال
670 ## - SOURCE DATA FOUND
- Source citation: Work cat.: (JO-AjAnu)25498: الحناوي، هناء عبدالحميد ؛ ترجمة اسامة الدسوقي ؛ مراجعة احمد عزيز كمال , author, مقدمة الى لغة كوبول